Szczegóły MARC21

Metody wyceny przedsiębiorstw /

003 -Nazwa inst., której nr kontr. jest w polu 001 [,]
    • @
    • Nazwa instytucji, której n kontrolny jest w polu 001
    • NUKAT
005 -DATA I CZAS OSTATNIEJ MODYFIKACJI [,]
    • @
    • pole kontrolne
    • 20241231094626.0
020 -Międzynarod. znormalizowany nr książki - ISBN [ , ]
    • a
    • Numer ISBN
    • 8386543329 Find
040 -Instytucja sporządzająca opis [ , ]
    • a
    • Instytucja, która sporządziła opis (NP)
    • LUBL 58/LK
    • c
    • Instytucja, która sporządziła rekord (NP)
    • LUBL 58/LK
    • d
    • Instytucja, która zmodyfikowała rekord (P)
    • LUBL 58/LK
    • d
    • Instytucja, która zmodyfikowała rekord (P)
    • LUBL 58/ESs
942 -Rodzaj dokumentu [ , ]
    • c
    • Rodzaj dokumentu
    • Książka
100 -Hasło główne - nazwa osobowa [1, ]
    • a
    • Nazwa osobowa (NP)
    • Zarzecki, Dariusz
    • d
    • Daty biograficzne (NP)
    • (1959- ).
    • 9
    • KHW
    • 43193
245 -Strefa tytułu i oznaczenia odpowiedzialności [1,0]
    • a
    • Tytuł
    • Metody wyceny przedsiębiorstw / Find
    • c
    • Pozostałe elementy strefy tytułu i oznaczenia odpowiedzialności (NP)
    • Dariusz Zarzecki.
260 -Strefa adresu wydawniczego [ , ]
    • a
    • Miejsce wydania (P)
    • Warszawa :
    • b
    • Nazwa wydawcy (P)
    • Nakładem Fundacji Rozwoju Rachunkowości,
    • c
    • Data wydania (P)
    • 1999.
300 -Strefa opisu fizycznego [ , ]
    • a
    • Określenie formy książki i/lub objętość (NP)
    • 405 s. ;
    • c
    • Format (NP)
    • 24 cm.
336 -Typ zawartości [ , ]
    • a
    • Termin opisujący typ zawartości
    • Tekst
    • b
    • Kod określający zawartość
    • txt
    • 2
    • Źródło (terminu i kodu)
    • rdacontent
337 -Typ mediów [ , ]
    • a
    • Tryb odtwarzania
    • Bez urządzenia pośredniczącego
    • b
    • Kod typu mediów
    • n
    • 2
    • Źródło (terminu i kodu)
    • rdamedia
338 -Typ/rodzaj nośnika [ , ]
    • a
    • Hasło opisujące typ nośnika
    • Wolumin
    • b
    • Kod typu nośnika
    • nc
    • 2
    • Źródło (terminu i kodu)
    • rdacarrier
504 -Uwaga dot. bibliogr. załącznikowej [ , ]
    • a
    • Uwaga dot. bibliografii załącznikowej
    • Bibliogr. s. 389-405.
080 -Uniwersalna Klasyfikacja Dziesiętna [ , ]
    • a
    • Symbol klasyfikacji
    • 334.72.003.12
650 -Hasło przedmiotowe [ ,7]
    • a
    • Hasło przedmiotowe
    • Przedsiębiorstwa
    • x
    • Określnik rzeczowy
    • ocena
    • z
    • Określnik geograficzny
    • Polska
    • x
    • Określnik rzeczowy
    • modele matematyczne.
    • 2
    • Źródło terminu
    • kaba
    • 9
    • KHW
    • 380912
980 -Symbol UKD [ , ]
    • a
    • UKD
    • 334.72.003.12
920 -ISBN [ , ]
    • a
    • ISBN
    • 83-86543-32-9 Find
Status udost. Numer inwentarzowy Sygnatura Data inwentaryzacji Lokalizacja
-2E.66355 1999-11-26BE
2S.84497 1999-11-26BE
2S.84498 1999-11-26BE
-6S.84500 1999-11-26BE
-6S.84501 1999-11-26BE
2S.84502 1999-11-26BE
-6S.84503 1999-11-26BE
-6S.84504 1999-11-26BE
-3S.84719 1999-12-27BE
-3S.84720 1999-12-27BE
-3S.84721 1999-12-27BE
-3S.89328 2002-03-13BE
-3S.89329 2002-03-13BE
-3S.89330 2002-03-13BE
-3S.89331 2002-03-13BE
2S.89332 2002-03-13BE
2S.89333 2002-03-13BE
-6S.84499 1999-11-26BE
1Z.94933Z.949331999-11-26BG
-2T.1236 1999-11-16T
-2T.1553 1999-12-27T